| 000 | 00506nam a2200181Ia 4500 | ||
|---|---|---|---|
| 999 |
_c7008 _d7008 |
||
| 003 | OSt | ||
| 005 | 20200120160207.0 | ||
| 008 | 190216s9999||||xx |||||||||||||| ||und|| | ||
| 020 | _a8121928702 | ||
| 040 | _coclc | ||
| 082 |
_a658.45 _bJAI/B |
||
| 100 |
_aJain, V K _91322 |
||
| 245 | 0 |
_aBusiness Communication / _cV K Jain ; Omprakash Biyani |
|
| 250 | _a1st ed. | ||
| 260 |
_bS Chand & Co, _aNew Delhi: _c2007. |
||
| 300 | _a286p | ||
| 942 |
_cBK _2ddc _h658.45 _iJAI/B _k658.45 _mJAI/B |
||